00429nam a2200181Ia 4500008004100000020001800041050001400059100002200073245002900095245002200124260001500146260001600161260000900177300001600186300002700202300001000229500000800239170918s9999 xx 000 0 und d a9780590129015 bK824 1996 aKonigsburg, E. L. 4aThe view from Saturday / cE. L. Konigsburg. aNew York : bScholastic, c1996 a163 pages : bcolored illustration ; c19cm. a870